| 000 | 00861nam a2200253 i 4500 | ||
|---|---|---|---|
| 001 | 33810 | ||
| 003 | ES-MaACL | ||
| 005 | 20230906154827.0 | ||
| 007 | t| | ||
| 008 | 030203s1985 sp ||||1| spa d | ||
| 020 | _a84-7444-194-3 | ||
| 100 | 1 |
_aBobbio, Norberto. _929645 |
|
| 245 | 1 | 0 |
_aEstudios de historia de la filosofía _b: de Hobbes a Gramsci / _cNorberto Bobbio ; estudio preliminar de Alfonso Ruiz Miguel ; [versión de Juan Carlos Bayón]. |
| 250 | _a[1ª ed.]. | ||
| 260 |
_aMadrid : _bDebate, _c1985. |
||
| 300 |
_a364 p. ; _c23 cm. |
||
| 490 | 1 | _aColección universitaria. Derecho | |
| 700 | 1 |
_aRuiz Miguel, Alfonso. _9100876 |
|
| 700 | 1 |
_aBayón, Juan Carlos. _926709 |
|
| 830 | 0 |
_aColección universitaria. Derecho _9181499 |
|
| 852 |
_aES-MaACL _jL-9253 _bR.110672 |
||
| 852 |
_aES-MaACL _jL-9625 _bR.111417 |
||
| 999 |
_c33810 _d33810 |
||